000 00259nam a22001217a 4500
008 171002b xxu||||| |||| 00| 0 eng d
041 _aeng
080 _a37
100 _a47
101 _aEDU
245 _aMETHODS IN ACTION
_cZELEZNY.L.C
942 _2udc
_cBK
999 _c31111
_d31111